ARCHEOLOGICKÉ PRIESKUMY A NÁLEZY NA VÝCHODNOM SLOVENSKU

Bibliographic Details
Main Author: Budinský-Krička, Vojtech, 1903-1993 (Author)
Format: Article
Language:Slovak
Subjects:

MARC

LEADER 00000nab a2200000 a 4500
001 vtls010714545
003 SK-MaSNL
005 20260426092706.0
008 250709s1978 xo |||||||||||||||||slo|
035 |a (urnnbn)urn:nbn:sk:snk:ar-a04dpn 
035 |a (uuid)cf0a56a1-3b46-49fa-993b-0da71ce41aef 
035 |a urn:nbn:sk:snk-ab3gze 
040 |a SNKBUCL  |b slo  |c SNKBUCL  |e AACR2 
041 0 |a slo 
044 |a xo  |c SK 
100 1 |a Budinský-Krička, Vojtech,  |d 1903-1993  |4 aut  |9 256521 
245 1 0 |a ARCHEOLOGICKÉ PRIESKUMY A NÁLEZY NA VÝCHODNOM SLOVENSKU  |c Vojtech Budinský-Krička 
650 0 7 |a archeologické výskumy  |2 NKPH  |9 74796 
650 0 7 |a archeologické nálezy  |2 NKPH  |9 4975 
651 7 |a Slovensko východné  |2 SNKPHgeo  |9 161134 
773 0 |t Archeologické výskumy a nálezy na Slovensku v roku ...  |g Roč. 4, č. 4 (1978), s. 39-56 
850 |a Slovenská národná knižnica 
852 |a Slovenská národná knižnica 
954 |a odborná, vedecká literatúra pôvodná (slovenská)  |2 lita 
958 |a article1 
958 |a OND 
958 |a EUIPO 
999 |c 3073410  |d 3075340